Marine steam boilers (Record no. 12566)

000 -LEADER
fixed length control field 00448nam a22001697a 4500
008 - FIXED-LENGTH DATA ELEMENTS--GENERAL INFORMATION
fixed length control field 210208b ||||| |||| 00| 0 eng d
082 00 - DEWEY DECIMAL CLASSIFICATION NUMBER
Classification number 623.873
Item number M6621
100 ## - MAIN ENTRY--PERSONAL NAME
9 (RLIN) 1939
Personal name Milton, J. H.
245 10 - TITLE STATEMENT
Title Marine steam boilers
250 ## - EDITION STATEMENT
Edition statement 3rd ed.
260 ## - PUBLICATION, DISTRIBUTION, ETC. (IMPRINT)
Place of publication, distribution, etc London
Name of publisher, distributor, etc Newnes Butterworths
Date of publication, distribution, etc 1970
300 ## - PHYSICAL DESCRIPTION
Extent viii, 516p.
365 ## - TRADE PRICE
Unit of pricing 110.00
490 0# - SERIES STATEMENT
Series statement Marine Engineering Series
650 #0 - SUBJECT ADDED ENTRY--TOPICAL TERM
Topical term or geographic name as entry element Marine Boilers
942 ## - ADDED ENTRY ELEMENTS (KOHA)
Item type Books

No items available.

Designed and Maintained by IMU-KC Library, Kolkata Campus © Copyright All Rights Reserved

webs counters

Powered by Koha